000 00598nam a2200241Ia 4500
003 OSt
005 20220918215655.0
006 a|||||r|||| 00| 0
007 ta
008 220917b |||||||| |||| 00| 0 eng d
024 _a142,097
037 _cTextual
040 _aARTS
_cARTS
_beng
041 _2eng
_aeng
082 _aY1:45, H7
100 _aSutherland Edwin H
_9134729
245 0 _aPrinciples of criminology
250 _a4th
260 _aNA
_bNA
_c1947
650 _aSOCIOLOGY
942 _hY1:45, H7
_cTEXL
_2CC
999 _c265056
_d265056